| 000 | 00620cam a2200205 4500500 | ||
|---|---|---|---|
| 005 | 20260405002923.0 | ||
| 041 | _afre | ||
| 042 | _adc | ||
| 100 | 1 | 0 |
_aPortevin, Catherine _eauthor |
| 245 | 0 | 0 | _aPenser l’avenir. Entretien avec F. Noudelmann |
| 260 | _c2019. | ||
| 500 | _a43 | ||
| 690 | _aAndré Gorz | ||
| 690 | _aFrançois Noudelmann | ||
| 690 | _aPrésent | ||
| 690 | _aTechnique | ||
| 690 | _aTravail | ||
| 786 | 0 | _nPhilosophie magazine | 130 | 6 | 2019-06-01 | p. 60-60 | 1951-1787 | |
| 856 | 4 | 1 | _uhttps://shs.cairn.info/magazine-philosophie-magazine-2019-6-page-60?lang=fr&redirect-ssocas=7080 |
| 999 |
_c2062511 _d2062511 |
||